|
|
|
|
| LEADER |
02701nam a22005655i 4500 |
| 001 |
978-3-642-36700-7 |
| 003 |
DE-He213 |
| 005 |
20151218132141.0 |
| 007 |
cr nn 008mamaa |
| 008 |
130305s2013 gw | s |||| 0|eng d |
| 020 |
|
|
|a 9783642367007
|9 978-3-642-36700-7
|
| 024 |
7 |
|
|a 10.1007/978-3-642-36700-7
|2 doi
|
| 040 |
|
|
|d GrThAP
|
| 050 |
|
4 |
|a TA1637-1638
|
| 050 |
|
4 |
|a TA1634
|
| 072 |
|
7 |
|a UYT
|2 bicssc
|
| 072 |
|
7 |
|a UYQV
|2 bicssc
|
| 072 |
|
7 |
|a COM012000
|2 bisacsh
|
| 072 |
|
7 |
|a COM016000
|2 bisacsh
|
| 082 |
0 |
4 |
|a 006.6
|2 23
|
| 082 |
0 |
4 |
|a 006.37
|2 23
|
| 245 |
1 |
0 |
|a Computational Color Imaging
|h [electronic resource] :
|b 4th International Workshop, CCIW 2013, Chiba, Japan, March 3-5, 2013. Proceedings /
|c edited by Shoji Tominaga, Raimondo Schettini, Alain Trémeau.
|
| 264 |
|
1 |
|a Berlin, Heidelberg :
|b Springer Berlin Heidelberg :
|b Imprint: Springer,
|c 2013.
|
| 300 |
|
|
|a XII, 338 p. 207 illus.
|b online resource.
|
| 336 |
|
|
|a text
|b txt
|2 rdacontent
|
| 337 |
|
|
|a computer
|b c
|2 rdamedia
|
| 338 |
|
|
|a online resource
|b cr
|2 rdacarrier
|
| 347 |
|
|
|a text file
|b PDF
|2 rda
|
| 490 |
1 |
|
|a Lecture Notes in Computer Science,
|x 0302-9743 ;
|v 7786
|
| 505 |
0 |
|
|a Color image perception -- Color combination -- Multi-spectral image analysis and rendering -- Color image detection and classification -- Color image features -- Color image filtering and enhancement.
|
| 520 |
|
|
|a This book constitutes the refereed proceedings of the 4th Computational Color Imaging Workshop, CCIW 2013, held in Chiba, Japan, in March 2013. The 21 revised full papers, presented together with 4 invited papers, were carefully reviewed and selected from numerous submissions. The papers are organized in topical sections on color image perception; color combination; multi-spectral image analysis and rendering; color image detection and classification; color image features; and color image filtering and enhancement.
|
| 650 |
|
0 |
|a Computer science.
|
| 650 |
|
0 |
|a Computer graphics.
|
| 650 |
|
0 |
|a Image processing.
|
| 650 |
|
0 |
|a Pattern recognition.
|
| 650 |
1 |
4 |
|a Computer Science.
|
| 650 |
2 |
4 |
|a Image Processing and Computer Vision.
|
| 650 |
2 |
4 |
|a Computer Graphics.
|
| 650 |
2 |
4 |
|a Pattern Recognition.
|
| 700 |
1 |
|
|a Tominaga, Shoji.
|e editor.
|
| 700 |
1 |
|
|a Schettini, Raimondo.
|e editor.
|
| 700 |
1 |
|
|a Trémeau, Alain.
|e editor.
|
| 710 |
2 |
|
|a SpringerLink (Online service)
|
| 773 |
0 |
|
|t Springer eBooks
|
| 776 |
0 |
8 |
|i Printed edition:
|z 9783642366994
|
| 830 |
|
0 |
|a Lecture Notes in Computer Science,
|x 0302-9743 ;
|v 7786
|
| 856 |
4 |
0 |
|u http://dx.doi.org/10.1007/978-3-642-36700-7
|z Full Text via HEAL-Link
|
| 912 |
|
|
|a ZDB-2-SCS
|
| 912 |
|
|
|a ZDB-2-LNC
|
| 950 |
|
|
|a Computer Science (Springer-11645)
|